banner-ar

الشرح والتعليق على قانون المسطرة الجنائية المغربى / (Record no. 59714)

MARC details
000 -الفاتح
حقل البيانات ثابتة الطول 00968nam a2200241Ia 4500
005 - وقت وتاريخ اخر تعامل مع التسجيلة
رقم الضبط 20240530110329.0
008 - عناصر البيانات ثابتة الطول - معلومات عامة
حقل البيانات ثابتة الطول 140319s9999 xx 000 0 ara d
040 ## - مصدر الفهرسة
وكالة الفهرسة الأصلية GCL /
وكالة النسخ GCL
082 04 - رقم تصنيف ديوى العشرى
رقم التصنيف 349.64
رقم المادة س ش
100 1# - المدخل الرئيسى - إسم شخصى
الإسم الشخصى سعيد الفكهانى
245 10 - بيان العنوان
العنوان الشرح والتعليق على قانون المسطرة الجنائية المغربى /
بيان المسئوليه,etc اعداد سعيد الفكهانى ، حامد الحرفه ، حسن الفكهانى
260 ## - PUBLICATION, DISTRIBUTION, ETC. (IMPRINT)
تاريخ النشر أو التوزيع 1993
300 ## - الوصف المادى
التعداد 4 جزء ؛
أبعاد الوعاء 24 سم.
490 0# - بيان السلسلة
عنوان السلسلة المدونة القانونية المغربية ( تشريع - فقه - قضاء )
650 04 - المدخل الاضافى بالموضوع-مصطلح موضوعى
مصطلح موضوعي القانون
650 04 - المدخل الاضافى بالموضوع-مصطلح موضوعى
مصطلح موضوعي القانون العام
650 04 - المدخل الاضافى بالموضوع-مصطلح موضوعى
مصطلح موضوعي القانون الخاص
التقسيم الفرعي الجغرافي المغرب
650 04 - المدخل الاضافى بالموضوع-مصطلح موضوعى
مصطلح موضوعي القانون البحرى
التقسيم الفرعي الجغرافي المغرب
700 1# - المدخل الاضافى - اسم شخصى
الإسم الشخصى سعيد الفكهانى
700 1# - المدخل الاضافى - اسم شخصى
الإسم الشخصى حامد الحرفة
942 ## - عناصر المدخل الإضافي( كوها)
مصدر التصنيف او مخطط الترفيف Dewey Decimal Classification
Koha [default] item type المراجع
260 ## - PUBLICATION, DISTRIBUTION, ETC. (IMPRINT)
-- [S.N] :
-- الدار العربية للموسوعات ،
Holdings
حالة التراجع حالة الفقد حالة تلف ليس للاعارة المكان المؤقت الموقع الحالى تاريخ الاكتساب اجمالي اﻻعارات رقم الطلب الباركود تاريخ اخر مشاهدة تاريخ تفعيل السعر نوع وعاء كوها
        مكتبة القاهرة الكبرى مكتبة القاهرة الكبرى 03/26/2014   349.64\س ش 158472 03/26/2014 03/26/2014 المراجع
        مكتبة القاهرة الكبرى مكتبة القاهرة الكبرى 03/26/2014   349.64\س ش 158473 03/26/2014 03/26/2014 المراجع
        مكتبة القاهرة الكبرى مكتبة القاهرة الكبرى 03/26/2014   349.64\س ش 158474 03/26/2014 03/26/2014 المراجع
        مكتبة القاهرة الكبرى مكتبة القاهرة الكبرى 03/26/2014   349.64\س ش 158475 03/26/2014 03/26/2014 المراجع

Powered By

EGPV